Sửa chữa điện xí nghiệp điện tử công nghiệp : Sách dùng cho học sinh Cao đẳng không chuyên điện, học sinh THCN, DN điện xí nghiệp
Cuốn sách trình bày các phần khí cụ điện, cung cấp điện, máy điện và ứng dụng của máy điện, sửa chữa máy điện và mạch điện tử công nghiệp,...
Αποθηκεύτηκε σε:
| Κύριος συγγραφέας: | |
|---|---|
| Μορφή: | Βιβλίο |
| Γλώσσα: | Undetermined |
| Έκδοση: |
Hà Nội
Giáo dục
2006
|
| Θέματα: | |
| Ετικέτες: |
Προσθήκη ετικέτας
Δεν υπάρχουν, Καταχωρήστε ετικέτα πρώτοι!
|
| Thư viện lưu trữ: | Trung tâm Học liệu Trường Đại học Cần Thơ |
|---|
| LEADER | 01012nam a2200217Ia 4500 | ||
|---|---|---|---|
| 001 | CTU_124334 | ||
| 008 | 210402s9999 xx 000 0 und d | ||
| 020 | |c 35500 | ||
| 082 | |a 621.3815 | ||
| 082 | |b T121 | ||
| 100 | |a Trần, Nhật Tân | ||
| 245 | 0 | |a Sửa chữa điện xí nghiệp điện tử công nghiệp : | |
| 245 | 0 | |b Sách dùng cho học sinh Cao đẳng không chuyên điện, học sinh THCN, DN điện xí nghiệp | |
| 245 | 0 | |c Trần Nhật Tân | |
| 260 | |a Hà Nội | ||
| 260 | |b Giáo dục | ||
| 260 | |c 2006 | ||
| 520 | |a Cuốn sách trình bày các phần khí cụ điện, cung cấp điện, máy điện và ứng dụng của máy điện, sửa chữa máy điện và mạch điện tử công nghiệp,... | ||
| 650 | |a Digital electronics,Electrics and electronics,Electronic apparatus and appliances | ||
| 904 | |i Năm | ||
| 980 | |a Trung tâm Học liệu Trường Đại học Cần Thơ | ||